| 000 | 00992nam a2200301 4500 | ||
|---|---|---|---|
| 001 | 16059 | ||
| 003 | BD-RjUL | ||
| 005 | 20211208235938.0 | ||
| 008 | 140211s1969 nyua b 001 0 eng | ||
| 020 | _a047109305X | ||
| 035 | _a(BD-RjUL)16114 | ||
| 040 |
_aDLC _cDLC _dDLC _beng |
||
| 041 | _aeng | ||
| 082 | 0 | 0 |
_a003 _bBOE 1969 _223 |
| 100 | 1 |
_aBox, George E. P. _921743 |
|
| 245 | 1 | 0 |
_aEvolutionary operation; _ba statistical method for process improvement _c[by] George E. P. Box [and] Norman R. Draper. |
| 260 |
_aNew York, London : _bWiley , _cc1969 |
||
| 300 |
_axi, 237 p. : _bill. _c23 cm. |
||
| 490 | 0 | _aA Wiley publication in applied statistics ; | |
| 500 | _aIndex : p. 233-237 | ||
| 504 | _aBibliography: p. 227-231. | ||
| 650 | 0 |
_aChemical process control _942977 _vStatistical Methuds |
|
| 650 | 0 |
_aOperations research. _949716 |
|
| 650 | 0 |
_aFactorial experiment designs. _920995 |
|
| 700 | 1 |
_aDraper, Norman Richard, _9233010 |
|
| 942 |
_2ddc _cBK |
||
| 999 |
_c16059 _d16059 |
||